Statistics for Musical Acts with Geographic Names

Click here to take the quiz!

General Stats

  • This quiz has been taken 98 times
  • The average score is 10 of 18

Answer Stats

SongMusical Act% Correct
I will Always Love YouWhitney {Houston}
99%
September{Earth}, Wind and Fire
97%
I Bet You Look Good on the Dancefloor{Arctic} Monkeys
89%
Take Me Home, Country RoadsJohn {Denver}
88%
Final CountdownEurope
83%
Two TribesFrenkie Goes to {Hollywood}
82%
Gold{Spandau} Ballet
75%
Take my Breath AwayBerlin
65%
Dr Beat{Miami} Sound Machine
65%
More than a FeelingBoston
63%
Dust in the WindKansas
52%
Hard to Say I'm SorryChicago
44%
Love HurtsNazareth
31%
Woke up this Morning{Alabama} 3
23%
WhistleFlo Rida
23%
I've Been Thinking About You{London}beat
22%
Summer SunTexas
20%
I Just Wanna LiveGood {Charlotte}
14%

Score Distribution

Percentile by Number Answered

Percent of People with Each Score

Your Score History

You have not taken this quiz